000 00942nam a2200277Ia 4500
003 OSt
005 20221007122409.0
006 a|||||r|||| 00| 0
007 ta
008 221006b |||||||| |||| 00| 0 eng d
020 _a9780521896344 (hbd)
024 _a83278
037 _b1653, 29/12/2008, New India Book Agency
_cTextbook
040 _aPAPL
_cPAPL
_beng
041 _2eng
_aeng
082 _aC21:(D), P8 Carpa
100 _aVentra Massimiliano Di
_9714201
245 0 _aElectrical transport in nanoscale systems
260 _aCambridge
_bCambridge University Press
_c2008
300 _axvi, 476p.
_ccm.
500 _aAppendix A-L, 415-463p.; References 464-469p.; Index 470-476p.
650 _a Nanoelectronics
_9714202
650 _aNano Science
_9714203
942 _hC21:(D), P8 Carpa
_cTB
_2CC
999 _c1210273
_d1210273